| 000 | 00407 a2200157 4500 | ||
|---|---|---|---|
| 003 | Nust | ||
| 005 | 20170207171606.0 | ||
| 040 | _cNust | ||
| 082 | _a621.382 | ||
| 100 | _aAhmed, Zeeshan (MSEE-19) | ||
| 245 |
_aMiniaturized Ultra WideBand Antenna with Band-Notch Characteristic _cZeeshan Ahmed |
||
| 260 |
_aRawalpindi _bMCS,NUST _cSep-2015 |
||
| 300 | _a105 p | ||
| 650 | _aPG Thesis MSEE | ||
| 651 | _aMSEE-19 | ||
| 942 |
_2ddc _cBK |
||
| 999 |
_c217582 _d217582 |
||